00736cam a22002057a 4500001001000000003000500010005001700015008004100032010001000073011001000083020001500093035001100108040000900119110007900128245010100207260010100308300000700409500008400416650003000500000093275CHAP20220329142927.0050302d2004 mx r 00110 spa d a89741 a90713 a9701322452 a101270 cCHAP2 aInstituto Nacional de Estadística, Geografía e Informática. México10aMéxico de un vistazo /c/por Instituto Nacional de Estadística, Geografía e Informática. aAguascalientes, Ags. :bInstituto Nacional de Estadística, Geografía e Informática,c2004. av. aLa biblioteca tiene: 2004, 2005, 2006, 2007, 2008, 2009, 2010, 2011, 2012, 201314aMéxicoxEstadísticas.